| 000 | 00758cam a22002054a 4500 | ||
|---|---|---|---|
| 999 |
_c1536 _d1536 |
||
| 020 | _a9780324592375 | ||
| 020 | _a032459237X | ||
| 050 | 0 | 0 |
_aHF5635 _b.S85 |
| 100 | 1 | _aStice, Earl K. | |
| 245 | 1 | 0 |
_aIntermediate accounting / _cEarl K. Stice, James D. Stice, K. Fred Skousen. |
| 250 | _a17th ed. | ||
| 260 |
_aAustralia ; _aMason, Ohio : _bSouth-Western/Cengage Learning, _cc2010. |
||
| 300 |
_axxvii, 1346 p. : _bill. (some col.) ; _c29 cm. |
||
| 500 | _aIncludes index | ||
| 505 | _aP.1 Foundations of financial accounting P.2 Routine Activities of a business P.3 Additional activities of a business P.4 Other dimensions of financial reporting | ||
| 650 | 0 | _aAccounting. | |
| 700 | 1 | _aStice, James D. | |
| 700 | 1 | _aSkousen, K. Fred. | |
| 942 | _cBK | ||